Για ποιον χτυπά η καμπάνα / (Record no. 10039)
[ view plain ]
| 000 -LEADER | |
|---|---|
| fixed length control field | 02619nam a22002537a 4500 |
| 003 - ΤΑΥΤΟΤΗΤΑ ΤΟΥ ΑΡΙΘΜΟΥ ΕΛΕΓΧΟΥ | |
| Πεδίο ελέγχου | GR-AtMCL |
| 005 - ΗΜΕΡΟΜΗΝΙΑ ΚΑΙ ΩΡΑ ΤΕΛΕΥΤΑΙΑΣ ΕΝΗΜΕΡΩΣΗΣ | |
| Πεδίο ελέγχου | 20260113121147.0 |
| 006 - FIXED-LENGTH DATA ELEMENTS--ADDITIONAL MATERIAL CHARACTERISTICS | |
| Πεδίο ελέγχου σταθερού μήκους | a|||||r||||||||||| |
| 008 - FIXED-LENGTH DATA ELEMENTS--GENERAL INFORMATION | |
| Πεδίο ελέγχου σταθερού μήκους | s2006||||gr |||g ||| 000 1dgre d |
| 020 ## - ISBN | |
| ISBN | 9789600341416 |
| 040 ## - ΠΗΓΗ ΚΑΤΑΛΟΓΟΓΡΑΦΗΣΗΣ | |
| Φορέας πρωτότυπης καταλογογράφησης | MC Athens Campus Library |
| Γλώσσα καταλογογράφησης | Ελληνικά, Μοντέρνα (1453-) |
| Modifying agency | MC Athens Campus Library |
| Κανόνες περιγραφικής καταλογογράφησης | AACR2 |
| 041 1# - ΓΛΩΣΣΑ | |
| Κωδικός γλώσσας πρωτότυπου | Αγγλικά |
| 100 ## - MAIN ENTRY--PERSONAL NAME | |
| Personal name | Hemingway, Ernest |
| Dates associated with a name | 1899-1961 |
| 9 (RLIN) | 10253 |
| 245 10 - ΤΙΤΛΟΣ ΚΑΙ ΔΗΛΩΣΗ ΥΠΕΥΘΥΝΟΤΗΤΑΣ | |
| Τίτλος | Για ποιον χτυπά η καμπάνα / |
| Statement of responsibility, etc. | Έρνεστ Χέμινγουει ; μετάφραση από τα αγγλικά Άννα Παπασταύρου |
| 260 ## - PUBLICATION, DISTRIBUTION, ETC. | |
| Place of publication, distribution, etc. | Αθήνα : |
| Name of publisher, distributor, etc. | Καστανιώτης, |
| Date of publication, distribution, etc. | 2006 |
| 300 ## - PHYSICAL DESCRIPTION | |
| Extent | 573 σ.; |
| Διαστάσεις | 21εκ. |
| 500 ## - GENERAL NOTE | |
| Γενική σημείωση | Τίτλος πρωτοτύπου: For whom the bell tolls |
| 520 ## - SUMMARY, ETC. | |
| Summary, etc. | Βασισμένο στις εμπειρίες του από τον Ισπανικό Εμφύλιο, το «Για ποιον χτυπά η καμπάνα» θεωρήθηκε από τους βιβλιοκριτικούς ως το κορυφαίο έργο του συγγραφέα και ένα από τα καλύτερα πολεμικά μυθιστορήματα όλων των εποχών. Περιγράφει τέσσερις μέρες από τη ζωή του ήρωα και πρωταγωνιστή Ρόμπερτ Τζόρνταν, ενός Αμερικανού που έχει σταλεί με την ιδιότητα του δυναμιτιστή, για να ανατινάξει μια στρατηγικής σημασίας γέφυρα. Τέσσερις μονάχα μέρες, στα τέλη της άνοιξης του 1937 στην Ισπανία, και συγκεκριμένα στα δάση γύρω από τη Σεγκόβια. Στη διάρκεια αυτών των κρίσιμων ημερών, ο Τζόρνταν βιώνει συγκλονιστικά τον έρωτα στο πρόσωπο της πανέμορφης και βασανισμένης Μαρίας, το φόβο και την αγωνία σε μια σπαρασσόμενη από τον Εμφύλιο χώρα, την αφοσίωση και τη φιλία, αλλά και τη δεισιδαιμονία στα πρόσωπα των Ισπανών ανταρτών. Παντού γύρω του ελλοχεύει ο θάνατος, που δίνει σε όλα τα συναισθήματα μια ολότελα διαφορετική διάσταση και ένταση. |
| 650 #0 - SUBJECT ADDED ENTRY--TOPICAL TERM | |
| Topical term or geographic name entry element | Αμερικανική λογοτεχνία |
| 9 (RLIN) | 10235 |
| 653 ## - INDEX TERM--UNCONTROLLED | |
| Μη ελεγχόμενοι όροι | Λογοτεχνία |
| 700 ## - ΠΡΟΣΘΕΤΗ ΑΝΑΓΡΑΦΗ--ΦΥΣΙΚΟ ΠΡΟΣΩΠΟ | |
| Personal name | Παπασταύρου, Άννα |
| Σχέση | Μεταφραστής |
| 9 (RLIN) | 10254 |
| 942 ## - ADDED ENTRY ELEMENTS (KOHA) | |
| Koha item type | Books |
| Τύπος τεκμηρίου | Βιβλιοθήκη | Τρέχουσα τοποθεσία | Barcode | Αριθμός εισαγωγής | Ημερομηνία απόκτησης | Ταξιθετικό σύμβολο | Αριθμός αντιτύπου | Κατάσταση απόσυρσης | Κατάσταση χαμένου | Κατάσταση κατεστραμμένου | Μη δανεισμός | Σύνολο δανεισμών | Ημερομηνία τελευταίας εμφάνισης | Η τιμή ισχύει από |
|---|---|---|---|---|---|---|---|---|---|---|---|---|---|---|
| Books | MC Athens Campus Library | MC Athens Campus Library | 9780000100474 | 8240 | 13/01/2026 | 813 ΧΕΜ | 1 | 13/01/2026 | 13/01/2026 |